| 000 | 00753cab a2200229 4500 | ||
|---|---|---|---|
| 001 | ABS43250 | ||
| 008 | 090401t1990 xxu||||| |||| 00| 0 eng d | ||
| 035 | _a(Sirsi) u41068 | ||
| 041 | _aeng | ||
| 100 | _aMcDonald, G. | ||
| 245 | _aCouncils play guessing gain | ||
| 260 | _c1990 | ||
| 350 | _a0 | ||
| 490 |
_aPlanning (for the Natural and Built Environment) _v(883) 24 August 1990, 28-29(2) |
||
| 520 | _aDescribes the results of a survey undertaken to gauge local authority response to planning gain . Also discusses two recent publications on the subject. | ||
| 650 | _aELSON | ||
| 650 | _aKPMG PEAT MARWICK MANAGEMENT CONSULTANTS | ||
| 690 | _aPLANNING LAW AND PRACTICE | ||
| 700 | _aJohnston, B. | ||
| 942 | _n0 | ||
| 948 | _c04/03/1997 | ||
| 999 |
_c26362 _d26362 |
||